| 000 | 00492nam a22001457a 4500 | ||
|---|---|---|---|
| 008 | 140905b xxu||||| |||| 00| 0 eng d | ||
| 020 | _a0406981981 | ||
| 050 | _aKD1715.A52 L44(vol 1) | ||
| 245 |
_aThe Institute of Bankers: _cedited by Maurice Megrah _blegal decisions affecting bankers, vol 6 1947-1954. / |
||
| 260 |
_aStevenage,England: _bPear Tree, _c2004. |
||
| 300 |
_ax,484p.: _c24cm |
||
| 440 |
_pInstitute of Bankers 1947-1954 _vvol 6 |
||
| 700 | _aMegrah, Maurice | ||
| 942 |
_2lcc _cBK |
||
| 999 |
_c4375 _d11875 |
||